Key areas for threatened birds in the neotropics / (Registro nro. 186)
[ vista simple ]
| 000 -CABECERA | |
|---|---|
| Campo de control | 01417cam a2200361 a 4500 |
| 005 - FECHA Y HORA DE LA ULTIMA TRANSACCION | |
| Campo de control | 20160104075056.0 |
| 008 - ELEMENTOS DE LONGITUD FIJA—INFORMACION GENERAL | |
| Campo de control | 950908s1995 enkab b 001 0 eng d |
| 015 ## - NATIONAL BIBLIOGRAPHY NUMBER | |
| National bibliography number | GB95-74107 |
| 020 ## - ISBN | |
| ISBN | 0946888310 (pbk) |
| 020 ## - ISBN | |
| ISBN | 1560985291 (Smithsonian) |
| 040 ## - FUENTE DE CATALOGACIÓN | |
| Agencia catalogadora original | Uk |
| Agencia transcriptora | Uk |
| Agencia Modificadora | WU |
| -- | PPAN |
| -- | INS |
| -- | DLC |
| -- | COBoIAVH |
| 041 ## - IDIOMA | |
| Código de idioma para texto/pista de sonido o título separado | Inglés |
| 042 ## - AUTHENTICATION CODE | |
| Authentication code | lccopycat |
| 043 ## - GEOGRAPHIC AREA CODE | |
| Geographic area code | cl----- |
| 082 00 - NUMERO DE CLASIFICACION DECIMAL DEWEY | |
| Número de clasificación | 333.95816 |
| Número del ítem | W41k |
| 100 1# - ASIENTO PRINCIPAL--NOMBRE PERSONAL | |
| Nombre personal | Wege, David C. |
| 245 10 - MENCION DE TITULO | |
| Título | Key areas for threatened birds in the neotropics / |
| Mención de responsabilidad | David C. Wege and Adrian J. Long. |
| 260 ## - PUBLICACION, DISTRIBUCION, ETC. (PIE DE IMPRENTA) | |
| Lugar de publicación, distribución, etc. | Cambridge, U.K. : |
| Nombre del editor, distribuidor, etc. | BirdLife International ; |
| Lugar de publicación, distribución, etc. | Washington, DC : |
| Nombre del editor, distribuidor, etc. | Distributed in the Americas by Smithsonian Institution, |
| Fecha de publicación, distribución, etc. | c1995. |
| 300 ## - DESCRIPCION FISICA | |
| Extensión | 311 paginas. : |
| Otros detalles físicos | ilustaciones., mapas ; |
| Dimensiones | 25 x17 cm. |
| 504 ## - NOTA DE BIBLIOGRAFIA, ETC. | |
| Nota de bibliografía | Includes bibliographical references and index. |
| 650 #0 - ASIENTO SECUNDARIO DE MATERIA - TERMINO TEMATICO | |
| Término temático o nombre geográfico como elemento de entrada | Rare birds |
| Subdivisión general | Habitat |
| Subdivisión geográfica | Latin America. |
| 650 #0 - ASIENTO SECUNDARIO DE MATERIA - TERMINO TEMATICO | |
| Término temático o nombre geográfico como elemento de entrada | Birds |
| Subdivisión general | Conservation |
| Subdivisión geográfica | Latin America. |
| 650 #0 - ASIENTO SECUNDARIO DE MATERIA - TERMINO TEMATICO | |
| Término temático o nombre geográfico como elemento de entrada | Endangered species |
| Subdivisión geográfica | Latin America. |
| 650 #6 - ASIENTO SECUNDARIO DE MATERIA - TERMINO TEMATICO | |
| Término temático o nombre geográfico como elemento de entrada | Aves |
| Subdivisión geográfica | Conservación |
| Subdivisión de forma | Latino América. |
| 653 0# - TERMINO DE INDIZACION - NO CONTROLADO | |
| Término de indización no controlado | Birds |
| -- | Endangered species |
| 653 0# - TERMINO DE INDIZACION - NO CONTROLADO | |
| Término de indización no controlado | South America |
| 653 0# - TERMINO DE INDIZACION - NO CONTROLADO | |
| Término de indización no controlado | Central America |
| 700 1# - ASIENTO SECUNDARIO - NOMBRE PERSONAL | |
| Nombre personal | Long, Adrian J. |
| 710 2# - ASIENTO SECUNDARIO - NOMBRE CORPORATIVO | |
| Nombre corporativo o de jurisdicción como elemento de entrada | BirdLife International. |
| 906 ## - LOCAL DATA ELEMENT F, LDF (RLIN) | |
| a | 7 |
| b | cbc |
| c | copycat |
| d | 2 |
| e | ncip |
| f | 19 |
| g | y-gencatlg |
| 942 ## - ELEMENTOS ADICIONALES (KOHA) | |
| Sistema de clasificación | Dewey Decimal Classification |
| Tipo de ítem | Libro |
| Withdrawn status | Lost status | Sistema de Clasificación | Damaged status | No para préstamo | Colección | Inventariado | Ubicación Permanente | Ubicación actual | Fecha de adquisición | Fuente de Valor | Valor | Total Checkouts | Número topográfico | Inventario / Código de Barras | Date last seen | Ejemplar | Price effective from | Forma de adquisición | Tipo de material |
|---|---|---|---|---|---|---|---|---|---|---|---|---|---|---|---|---|---|---|---|
| Dewey Decimal Classification | General | Inventariado 2017 | Bogotá | Bogotá | 23/12/1997 | Instituto | 39000.00 | LB-333.95816 W41k | 000232 | 04/12/2012 | Ej. 1 | 04/12/2012 | Libro |